[Event "Lasker Memorial A"]
[Site "Barlinek"]
[Date "2006.06.09"]
[Round "7.27"]
[White "Kowalska, Sara"]
[Black "Kolomytchenko, Igor"]
[Result "0-1"]
[WhiteElo "1833"]
[BlackElo "2079"]
[PlyCount "90"]
[EventDate "2006.06.??"]

1. d4 d5 2. c4 c6 3. Nc3 Nf6 4. e3 a6 5. Nf3 Bf5 6. Nh4 Be6 7. c5 Nbd7 8. Bd3
g6 9. O-O Bg7 10. Qc2 O-O 11. Bd2 Ne8 12. b4 f5 13. a4 Bf7 14. b5 e5 15. bxc6
bxc6 16. g3 exd4 17. exd4 Bxd4 18. Bh6 Bg7 19. Bxg7 Nxg7 20. Rfb1 Qc7 21. Ne2
Ne6 22. Qc3 Qe5 23. Nf3 Qxc3 24. Nxc3 Ndxc5 25. Bc2 Rfc8 26. Ne5 Be8 27. Nd3
Ne4 28. Nxe4 fxe4 29. Ne5 Rc7 30. Bb3 Kg7 31. f3 exf3 32. Nxf3 Nc5 33. Nd4 Kh8
34. Nxc6 Nxb3 35. Rxb3 Rxc6 36. Rb7 Rf6 37. Rd1 Rd8 38. Kg2 Kg8 39. g4 d4 40.
Kg3 g5 41. Rb4 d3 42. h3 Bg6 43. Rb3 Rc6 44. Kf3 d2 45. Rb2 Bc2 0-1

[Event "Lasker Memorial A"]
[Site "Barlinek"]
[Date "2006.06.10"]
[Round "8.4"]
[White "Gumula, Daniel"]
[Black "Tomczak, Jacek"]
[Result "1/2-1/2"]
[WhiteElo "2341"]
[BlackElo "2369"]
[PlyCount "74"]
[EventDate "2006.06.??"]

1. e4 d5 2. exd5 Qxd5 3. Nc3 Qa5 4. d4 Nf6 5. Nf3 c6 6. Bc4 Bf5 7. Bd2 e6 8.
Nd5 Qd8 9. Nxf6+ Qxf6 10. Qe2 Bg4 11. d5 Bxf3 12. gxf3 cxd5 13. Bxd5 Nd7 14.
O-O-O O-O-O 15. Qc4+ Nc5 16. Be4 Rd4 17. Bxb7+ Kxb7 18. Qb5+ Kc8 19. Qc6+ Kb8
20. Qb5+ Kc8 21. Qc6+ Kb8 22. Be3 e5 23. Qe8+ Kb7 24. Qb5+ Qb6 25. Qxb6+ Kxb6
26. Bxd4 exd4 27. Rxd4 Be7 28. c3 Bf6 29. Rd5 Re8 30. Kc2 Re2+ 31. Rd2 Re5 32.
Rhd1 Bg5 33. b4 Bxd2 34. bxc5+ Rxc5 35. Rxd2 Rh5 36. Rd7 Rf5 37. Rd3 Kc6
1/2-1/2

[Event "Lasker Memorial A"]
[Site "Barlinek"]
[Date "2006.06.10"]
[Round "8.5"]
[White "Zezulkin, Jurij"]
[Black "Korneevets, Alexander"]
[Result "1-0"]
[WhiteElo "2479"]
[BlackElo "2293"]
[PlyCount "63"]
[EventDate "2006.06.??"]

1. e4 c6 2. d4 d5 3. e5 Bf5 4. Nc3 e6 5. g4 Bg6 6. Nge2 f6 7. Nf4 Bf7 8. Qe2
Qe7 9. Nd3 Nd7 10. exf6 gxf6 11. f4 O-O-O 12. h4 Bg7 13. Bh3 e5 14. fxe5 fxe5
15. Bg5 Bf6 16. Bxf6 Ngxf6 17. g5 Ne4 18. Nxe5 Be6 19. Bxe6 Qxe6 20. Qg4 Qxg4
21. Nxg4 Ng3 22. Rh3 Rde8+ 23. Kd2 Ne4+ 24. Nxe4 Rxe4 25. Rg1 Rxd4+ 26. Kc1 Re8
27. h5 Ree4 28. Ne3 Rh4 29. Rxh4 Rxh4 30. g6 Nf6 31. gxh7 Rxh5 32. Rg8+ 1-0

[Event "Lasker Memorial A"]
[Site "Barlinek"]
[Date "2006.06.10"]
[Round "8.6"]
[White "Koziak, Vitali"]
[Black "Szwed, Jacek"]
[Result "1-0"]
[WhiteElo "2462"]
[BlackElo "2192"]
[PlyCount "61"]
[EventDate "2006.06.??"]

1. d4 e6 2. c4 b6 3. Nc3 Bb7 4. e4 Bb4 5. Qc2 Qh4 6. Bd3 f5 7. Nf3 Bxc3+ 8.
bxc3 Qg4 9. Nd2 Qxg2 10. Rf1 fxe4 11. Nxe4 Nf6 12. Nxf6+ gxf6 13. Bf4 d6 14.
Qe2 Qh3 15. Rg1 Kf7 16. Rg3 Qh4 17. Rg4 Qh3 18. d5 e5 19. Rg3 Qh4 20. Rg4 Qh3
21. Kd2 Bc8 22. Rg3 Qh4 23. Be3 Rg8 24. Rxg8 Kxg8 25. Rg1+ Kf7 26. Qf3 e4 27.
Bxe4 Nd7 28. Qg2 Nf8 29. Qg8+ Ke8 30. Rg7 Qh5 31. Bf3 1-0

[Event "Lasker Memorial A"]
[Site "Barlinek"]
[Date "2006.06.10"]
[Round "8.7"]
[White "Liwak, Przemyslaw"]
[Black "Czerwonski, Aleksander"]
[Result "1/2-1/2"]
[WhiteElo "2340"]
[BlackElo "2358"]
[PlyCount "165"]
[EventDate "2006.06.??"]

1. e4 c5 2. Nf3 d6 3. d4 cxd4 4. Nxd4 Nf6 5. Nc3 Nc6 6. Be2 g6 7. O-O Bg7 8.
Nb3 O-O 9. Re1 Be6 10. Bf1 Rc8 11. Nd5 Ne5 12. Bg5 Bxd5 13. exd5 a6 14. a4 Re8
15. a5 Qd7 16. f4 Nc4 17. Bxc4 Rxc4 18. Qd3 Qb5 19. Rad1 h6 20. Bxf6 Bxf6 21.
f5 g5 22. Kh1 Rec8 23. Re2 Rf4 24. g3 Qxd3 25. Rxd3 Rxf5 26. c3 Kg7 27. Kg2 Kg6
28. Re4 Re5 29. Rdd4 Rc7 30. g4 h5 31. h3 hxg4 32. hxg4 Rc8 33. Rxe5 Bxe5 34.
Rb4 Rh8 35. Rxb7 Rh2+ 36. Kf3 Rxb2 37. c4 Rc2 38. c5 dxc5 39. Rxe7 Rc3+ 40. Ke2
Bf4 41. Rb7 Re3+ 42. Kf2 Rd3 43. Nxc5 Rxd5 44. Nxa6 Rxa5 45. Nc7 Ra2+ 46. Kf3
Ra3+ 47. Kf2 Bg3+ 48. Ke2 Ra2+ 49. Kf3 Ra3+ 50. Ke2 Be5 51. Nd5 Ra4 52. Kf3 Rd4
53. Ne7+ Kf6 54. Nf5 Rf4+ 55. Ke2 Kg6 56. Ne7+ Kg7 57. Nf5+ Kg8 58. Ne7+ Kf8
59. Nf5 Ra4 60. Kf3 Kg8 61. Rd7 Rc4 62. Ra7 Bc7 63. Ra8+ Kh7 64. Rf8 Kg6 65.
Ne7+ Kf6 66. Nd5+ Ke5 67. Nxc7 Rc3+ 68. Kf2 Rxc7 69. Ra8 Rd7 70. Ke3 Rb7 71.
Ra5+ Kf6 72. Rf5+ Kg6 73. Kf3 Rb6 74. Kg3 Ra6 75. Rb5 Ra7 76. Rb6+ f6 77. Rb5
Rd7 78. Rf5 Kf7 79. Rf3 Rd5 80. Rf2 Rd3+ 81. Kg2 Ke6 82. Rf5 Rd5 83. Rf3
1/2-1/2

[Event "Lasker Memorial A"]
[Site "Barlinek"]
[Date "2006.06.10"]
[Round "8.8"]
[White "Rutkowski, Maciej"]
[Black "Lagowski, Patryk"]
[Result "0-1"]
[WhiteElo "2298"]
[BlackElo "2392"]
[PlyCount "134"]
[EventDate "2006.06.??"]

1. e4 c5 2. Nf3 e6 3. d4 cxd4 4. Nxd4 Nf6 5. Nc3 Nc6 6. Ndb5 Bb4 7. a3 Bxc3+ 8.
Nxc3 d5 9. exd5 exd5 10. Bd3 O-O 11. O-O d4 12. Ne2 Re8 13. Bg5 Re5 14. Bh4 Rh5
15. Bg3 Bf5 16. b4 a6 17. Bxf5 Rxf5 18. Qd3 Qd5 19. Rad1 Rd8 20. c3 dxc3 21.
Qb1 Qe4 22. Rxd8+ Nxd8 23. Nxc3 Qxb1 24. Rxb1 Kf8 25. Rd1 Ke8 26. f3 h5 27. a4
Ne6 28. Rd6 a5 29. Rb6 axb4 30. Nb5 Rc5 31. h4 Nd7 32. Rxb7 f5 33. Bf2 Rc1+ 34.
Kh2 g6 35. a5 Nd8 36. Rc7 Ra1 37. Nd6+ Ke7 38. Nc4 Ke6 39. Bd4 Ra2 40. Nb6 Nb8
41. Rg7 Kd6 42. Rxg6+ Ne6 43. f4 Nc6 44. Bh8 b3 45. Nc4+ Ke7 46. Rh6 Rc2 47.
Bf6+ Ke8 48. Nd6+ Kd7 49. Nxf5 Nxf4 50. Ng7 Rxg2+ 51. Kh1 Rd2 52. Nxh5 Nd5 53.
Rh7+ Kc8 54. Rh8+ Kb7 55. a6+ Kxa6 56. Ra8+ Kb7 57. Ra3 Rd3 58. Bb2 Rd1+ 59.
Kg2 Rd2+ 60. Kf3 Rxb2 61. Ke4 Nc3+ 62. Kd3 Nb5 63. Ra1 Ne5+ 64. Ke4 Re2+ 65.
Kf5 Nc3 66. Nf4 b2 67. Rb1 Rh2 0-1

[Event "Lasker Memorial A"]
[Site "Barlinek"]
[Date "2006.06.10"]
[Round "8.9"]
[White "Kalinitschew, Sergey"]
[Black "Strzemiecki, Zbigniew"]
[Result "1/2-1/2"]
[WhiteElo "2516"]
[BlackElo "2332"]
[PlyCount "137"]
[EventDate "2006.06.??"]

1. c4 Nf6 2. Nc3 d6 3. d4 Nbd7 4. Nf3 e5 5. g3 Be7 6. Bg2 O-O 7. O-O c6 8. e4
a6 9. a4 a5 10. h3 Re8 11. Be3 Bf8 12. Qc2 b6 13. Rad1 Qc7 14. Rfe1 Ba6 15. b3
b5 16. cxb5 cxb5 17. axb5 Bxb5 18. Rc1 Ba6 19. Qa2 Qb7 20. Nd2 Qb4 21. d5 Rec8
22. Na4 Rab8 23. f3 Nh5 24. Kf2 Be7 25. Bf1 Rxc1 26. Rxc1 Bxf1 27. Rxf1 f5 28.
exf5 Nhf6 29. Kg2 Nxd5 30. Bf2 Bg5 31. Ne4 Ne3+ 32. Bxe3 Bxe3 33. Nac3 Bd4 34.
Nd5 Qxb3 35. Qxa5 Qc2+ 36. Nf2 h5 37. Nb4 Qb3 38. Nc6 Re8 39. Qc7 Nf6 40. Qxd6
Nd5 41. Qd7 Nf6 42. Nxd4 Qb2 43. Qb5 Qxd4 44. Ne4 Rd8 45. Nxf6+ gxf6 46. Qc6
Qd6 47. Qc4+ Qd5 48. Qxd5+ Rxd5 49. h4 Rd4 50. Re1 Kg7 51. Re3 Ra4 52. Kh3 Ra1
53. Rb3 Re1 54. Rb7+ Kg8 55. g4 Re3 56. Kg2 e4 57. fxe4 Rxe4 58. g5 Rxh4 59. g6
Rf4 60. Rb5 h4 61. Kh3 Kg7 62. Rb7+ Kg8 63. Rf7 Rxf5 64. Kxh4 Rf1 65. Ra7 Rh1+
66. Kg4 Rg1+ 67. Kf5 Rf1+ 68. Ke6 Re1+ 69. Kxf6 1/2-1/2

[Event "Lasker Memorial A"]
[Site "Barlinek"]
[Date "2006.06.10"]
[Round "8.10"]
[White "Bylino, Oleg"]
[Black "Owczarzak, Jerzy"]
[Result "1/2-1/2"]
[WhiteElo "2316"]
[BlackElo "2380"]
[PlyCount "63"]
[EventDate "2006.06.??"]

1. Nf3 Nf6 2. c4 g6 3. Nc3 d5 4. cxd5 Nxd5 5. g3 Bg7 6. Bg2 O-O 7. d4 c5 8. Qb3
Nxc3 9. bxc3 Nc6 10. e3 Be6 11. Qa4 Rb8 12. O-O b5 13. Qc2 cxd4 14. cxd4 Qd7
15. Rd1 Rfc8 16. Qd2 Bd5 17. Bb2 Qb7 18. Ne1 Bxg2 19. Nxg2 e6 20. Rac1 Ne7 21.
Nf4 Nd5 22. Nd3 Nb6 23. Qe2 Nc4 24. Ba1 h5 25. h4 Qe7 26. Nf4 a6 27. a4 Nd6 28.
Rxc8+ Rxc8 29. axb5 axb5 30. Qd3 Qa7 31. Bc3 Qa4 32. Rb1 1/2-1/2

[Event "Lasker Memorial A"]
[Site "Barlinek"]
[Date "2006.06.10"]
[Round "8.13"]
[White "Szczepinski, Michal"]
[Black "Khamitskiy, Sergei"]
[Result "0-1"]
[WhiteElo "2302"]
[BlackElo "2201"]
[PlyCount "84"]
[EventDate "2006.06.??"]

1. e4 e6 2. d4 d5 3. Nc3 Bb4 4. e5 c5 5. a3 Bxc3+ 6. bxc3 Qc7 7. Nf3 Ne7 8. Bd3
b6 9. O-O Ba6 10. Bxa6 Nxa6 11. Qe2 Nb8 12. c4 dxc4 13. Qxc4 O-O 14. dxc5 Nd7
15. Bg5 Nxc5 16. Rae1 h6 17. Bc1 Qc6 18. Qg4 Qa4 19. c4 Nf5 20. Nh4 Nd3 21.
Nxf5 exf5 22. Qg3 Nxc1 23. Rxc1 Rac8 24. Qd3 Rc6 25. Qxf5 Qxa3 26. Qd7 Re6 27.
Ra1 Qc5 28. Rxa7 Qxc4 29. f4 b5 30. Rc7 Qe2 31. Rb7 Rg6 32. Qd5 Kh7 33. Rxb5
Rd8 34. f5 Rg5 35. Qf3 Qxb5 36. h4 Rd3 37. Qe4 Rgg3 38. f6+ g6 39. e6 Rge3 40.
exf7 Rxe4 41. f8=Q Qb6+ 42. Rf2 Re1+ 0-1

[Event "Lasker Memorial A"]
[Site "Barlinek"]
[Date "2006.06.10"]
[Round "8.14"]
[White "Mouiwid, Jury"]
[Black "Tokarski, Lukasz"]
[Result "1/2-1/2"]
[WhiteElo "2239"]
[BlackElo "2152"]
[PlyCount "98"]
[EventDate "2006.06.??"]

1. d4 g6 2. c4 Bg7 3. Nc3 d6 4. e4 Nd7 5. Be2 e5 6. d5 Ne7 7. g4 O-O 8. g5 f5
9. gxf6 Nxf6 10. Be3 c6 11. Qd2 Bd7 12. dxc6 Bxc6 13. Bf3 Qd7 14. h3 Rfd8 15.
a4 b6 16. b3 Rac8 17. Nd5 Nexd5 18. cxd5 Bb7 19. Ne2 Rf8 20. Ng1 Rc7 21. Rc1
Rxc1+ 22. Qxc1 Rc8 23. Qd2 Qc7 24. Ne2 Qc2 25. Qxc2 Rxc2 26. Kd1 Rb2 27. Nc1
Nd7 28. Re1 Nc5 29. Re2 Rxe2 30. Kxe2 Ba6+ 31. Ke1 Kf7 32. Bg2 Kf6 33. f3 g5
34. Bf1 Bc8 35. Kd2 Kg6 36. Kc3 Kh5 37. Kb4 Bd7 38. a5 Bf8 39. axb6 axb6 40.
Kc3 Be7 41. Ne2 Kg6 42. Nc1 h5 43. b4 Na4+ 44. Kb3 b5 45. Ne2 Bd8 46. Nc3 Nxc3
47. Kxc3 Bc7 48. Kd2 Kf6 49. Ke1 h4 1/2-1/2

[Event "Lasker Memorial A"]
[Site "Barlinek"]
[Date "2006.06.10"]
[Round "8.16"]
[White "Goluch, Piotr"]
[Black "Swiercz, Dariusz"]
[Result "0-1"]
[WhiteElo "1966"]
[BlackElo "2185"]
[PlyCount "148"]
[EventDate "2006.06.??"]

1. e4 c5 2. Nc3 a6 3. a4 e6 4. f4 d5 5. d3 Nc6 6. g3 Nf6 7. Bg2 Be7 8. Bd2 Rb8
9. Nf3 b5 10. axb5 axb5 11. e5 Nd7 12. O-O O-O 13. g4 b4 14. Ne2 f6 15. exf6
Bxf6 16. c3 g6 17. Ng3 bxc3 18. bxc3 Rb2 19. Bc1 Rb6 20. Qc2 Ba6 21. Kh1 Qc8
22. Ra2 Kh8 23. Rb2 Rxb2 24. Bxb2 Bg7 25. Ng5 Nf6 26. Re1 e5 27. fxe5 Nxg4 28.
Rf1 Ncxe5 29. Rxf8+ Qxf8 30. d4 cxd4 31. cxd4 Nc4 32. Bxd5 Nge3 33. Qe4 Nxd5
34. Qxd5 h6 35. Nf7+ Kh7 36. Bc1 Nb6 37. Qf3 Bc4 38. Ng5+ hxg5 39. Qxf8 Bxf8
40. Bxg5 Bh6 41. Bd8 Bd5+ 42. Kg1 Be3+ 43. Kf1 Nd7 44. h4 Bf4 45. Ne2 Be3 46.
Ng3 Bf4 47. Ne2 Bd2 48. Kf2 Kg7 49. Kg3 Nf6 50. Bc7 Nh5+ 51. Kg4 Be6+ 52. Kf3
Bd5+ 53. Kg4 Bc4 54. Ng3 Be6+ 55. Kf3 Nxg3 56. Bxg3 Kh6 57. Ke4 Kh5 58. d5 Bf5+
59. Ke5 Kg4 60. Bf2 Bc3+ 61. Kd6 Bf6 62. Kc7 Bxh4 63. Be3 Bg3+ 64. d6 Bf4 65.
Bc5 Kf3 66. Kc6 g5 67. d7 Bxd7+ 68. Kxd7 g4 69. Ke6 g3 70. Kf5 g2 71. Bg1 Be3
72. Bh2 Bc5 73. Kg5 Ke2 74. Kh4 Kf1 0-1

[Event "Lasker Memorial A"]
[Site "Barlinek"]
[Date "2006.06.10"]
[Round "8.17"]
[White "Wielosz, Jaroslaw"]
[Black "Warszawski, Bartosz"]
[Result "1/2-1/2"]
[WhiteElo "2023"]
[BlackElo "2299"]
[PlyCount "81"]
[EventDate "2006.06.??"]

1. d4 d5 2. c4 e6 3. Nc3 c5 4. cxd5 exd5 5. Nf3 Nc6 6. g3 Nf6 7. Bg2 Be7 8. O-O
O-O 9. Bg5 cxd4 10. Nxd4 h6 11. Be3 Re8 12. Rc1 Bg4 13. Nxc6 bxc6 14. Qa4 Qd7
15. Rfd1 Qe6 16. Qa6 Bh3 17. Na4 Bxg2 18. Kxg2 Ng4 19. Bd4 Bf6 20. Rxc6 Qf5 21.
Qd3 Re4 22. Qf3 Qh5 23. h3 Bxd4 24. hxg4 Qg5 25. Qf5 Qxf5 26. gxf5 Bf6 27. Ra6
Rxe2 28. Rxd5 Rc8 29. Nc5 Rxb2 30. Ne4 Rc7 31. Nxf6+ gxf6 32. Rd4 Rcc2 33. Rg4+
Kf8 34. Rf4 Rxa2 35. Rxf6 Kg7 36. Rd6 Rd2 37. f6+ Kg6 38. Rc6 Rdc2 39. Rxc2
Rxc2 40. Ra4 Kxf6 41. Rxa7 1/2-1/2

[Event "Lasker Memorial A"]
[Site "Barlinek"]
[Date "2006.06.10"]
[Round "8.18"]
[White "Tokarski, Bartlomiej"]
[Black "Bronowicki, Mateusz"]
[Result "0-1"]
[WhiteElo "2004"]
[BlackElo "2278"]
[PlyCount "76"]
[EventDate "2006.06.??"]

1. e4 e6 2. d4 d5 3. Nc3 Nf6 4. e5 Nfd7 5. f4 c5 6. Nf3 a6 7. Be3 Nc6 8. Qd2 b5
9. dxc5 Bxc5 10. Bxc5 Nxc5 11. Qf2 Qb6 12. Bd3 b4 13. Ne2 a5 14. O-O Ba6 15.
Bxa6 Rxa6 16. Rad1 Na4 17. Qxb6 Nxb6 18. Kf2 Na4 19. Rb1 Ke7 20. Rfc1 Rb8 21.
Nfd4 f6 22. exf6+ gxf6 23. c3 Nc5 24. Ke3 e5 25. Nf3 bxc3 26. bxc3 Rab6 27. Nd2
Rb2 28. Nb3 Na4 29. Rxb2 Nxb2 30. Nd2 a4 31. Rc2 Nd1+ 32. Kf3 e4+ 33. Kg3 Rg8+
34. Kh3 Nf2+ 35. Kh4 Rxg2 36. Nd4 Nxd4 37. cxd4 Nd3 38. f5 e3 0-1

[Event "Lasker Memorial A"]
[Site "Barlinek"]
[Date "2006.06.10"]
[Round "8.20"]
[White "Baumann, Dariusz"]
[Black "Budrewicz, Krzysztof"]
[Result "0-1"]
[WhiteElo "1892"]
[BlackElo "2142"]
[PlyCount "88"]
[EventDate "2006.06.??"]

1. d4 Nf6 2. c4 g6 3. Nc3 Bg7 4. e4 d6 5. f4 O-O 6. Nf3 c5 7. d5 e6 8. Be2 exd5
9. cxd5 Bg4 10. O-O Re8 11. h3 Bxf3 12. Bxf3 Nbd7 13. Re1 a6 14. a4 b6 15. Be3
Qc7 16. e5 dxe5 17. d6 Qa7 18. Bxa8 Qxa8 19. fxe5 Rxe5 20. Qd2 Rh5 21. Bf4 h6
22. Re2 Qc6 23. Rae1 b5 24. axb5 axb5 25. Ne4 Nd5 26. Bg3 b4 27. Nf2 Bd4 28.
Re4 Bg7 29. Rh4 Rg5 30. Rg4 Rf5 31. Nd3 c4 32. Nf4 c3 33. Qe2 N5f6 34. Nxg6
fxg6 35. Rxg6 Nf8 36. Rxg7+ Kxg7 37. Qe7+ Kg8 38. Bh4 N6h7 39. Re4 Qc5+ 40. Kh2
cxb2 41. Re6 b1=Q 42. Bf6 Qbg1+ 43. Kg3 Qcf2+ 44. Kg4 Qf4# 0-1

[Event "Lasker Memorial A"]
[Site "Barlinek"]
[Date "2006.06.10"]
[Round "8.21"]
[White "Siwiec, Arkadiusz"]
[Black "Vogel, Jaap"]
[Result "1/2-1/2"]
[WhiteElo "1957"]
[BlackElo "2256"]
[PlyCount "77"]
[EventDate "2006.06.??"]

1. e4 e6 2. d4 d5 3. Nc3 Bb4 4. e5 b6 5. g3 Qd7 6. Nge2 Ba6 7. Bh3 Bf8 8. O-O
Ne7 9. Re1 c5 10. Bg5 Nbc6 11. dxc5 bxc5 12. Nf4 h6 13. Bh4 d4 14. Ne4 Nd5 15.
Nxd5 Qxd5 16. Nd6+ Bxd6 17. Bg2 Qxg2+ 18. Kxg2 Nxe5 19. Rxe5 Bxe5 20. Qh5 Bb7+
21. Kg1 Bd6 22. b4 Rc8 23. bxc5 Bxc5 24. Re1 O-O 25. Bf6 gxf6 26. Qxh6 Be7 27.
Rxe6 Rfe8 28. Qf4 Bf8 29. Rxe8 Rxe8 30. Kf1 Be4 31. Qg4+ Bg6 32. Qxd4 Rc8 33.
c4 Rc7 34. h4 Re7 35. Qxf6 Re6 36. Qd4 Rd6 37. Qxa7 Bd3+ 38. Kg2 Bxc4 39. h5
1/2-1/2

[Event "Lasker Memorial A"]
[Site "Barlinek"]
[Date "2006.06.10"]
[Round "8.24"]
[White "Puczylowski, Marcin"]
[Black "Lubienski, Tadeusz"]
[Result "1-0"]
[WhiteElo "1912"]
[BlackElo "2166"]
[PlyCount "120"]
[EventDate "2006.06.??"]

1. e4 Nf6 2. Bc4 Nxe4 3. Bxf7+ Kxf7 4. Qh5+ g6 5. Qd5+ e6 6. Qxe4 Bg7 7. d4 d5
8. Qf4+ Ke8 9. Nf3 Rf8 10. Qg3 Nc6 11. c3 Qd6 12. Na3 a6 13. O-O Qxg3 14. hxg3
b5 15. Nc2 h6 16. Bf4 Rf7 17. Rfe1 g5 18. Be5 Nxe5 19. Nxe5 Rf6 20. Nb4 a5 21.
Nbd3 h5 22. Nc5 Bf8 23. Ned3 Bd6 24. a3 Rb8 25. b4 a4 26. Re2 Ke7 27. Rae1 Bd7
28. Ne5 Be8 29. Nf3 Bxc5 30. dxc5 g4 31. Nd4 Bd7 32. c6 Bc8 33. Re5 Kd6 34.
Rxh5 Rb6 35. Rh8 Rb8 36. Rd8+ Ke7 37. Rxd5 Rb6 38. Rxb5 Ba6 39. Rg5 Bc4 40.
Rxg4 Bd5 41. Rg7+ Rf7 42. Rxf7+ Kxf7 43. f4 Kf6 44. Kf2 Rb8 45. g4 Rh8 46. g5+
Kf7 47. Nf3 Kg6 48. c4 Bxf3 49. Rxe6+ Kf5 50. Rf6+ Ke4 51. gxf3+ Kd4 52. c5
Rh2+ 53. Kg3 Rh1 54. g6 Kc4 55. Kg2 Rh8 56. g7 Rg8 57. Rf7 Kb3 58. Rxc7 Kxa3
59. Rb7 Kb2 60. f5 a3 1-0

[Event "Lasker Memorial A"]
[Site "Barlinek"]
[Date "2006.06.10"]
[Round "8.26"]
[White "Dragun, Kamil"]
[Black "Czaus, Piotr"]
[Result "1-0"]
[WhiteElo "1893"]
[BlackElo "1799"]
[PlyCount "72"]
[EventDate "2006.06.??"]

1. e4 d6 2. d4 Nf6 3. Nc3 g6 4. f3 Bg7 5. Be3 O-O 6. Qd2 e5 7. d5 c6 8. O-O-O
cxd5 9. exd5 Ne8 10. h4 h5 11. g4 f5 12. Bg5 Nf6 13. gxh5 gxh5 14. Nh3 a6 15.
Rg1 Kh7 16. Qg2 Rg8 17. Be3 Bh6 18. Ng5+ Bxg5 19. hxg5 Ne8 20. g6+ Kg7 21. f4
Nd7 22. Bd3 Ndf6 23. Qg5 Rh8 24. fxe5 dxe5 25. Bxf5 Nd6 26. Bd3 Ng4 27. Rxg4
Bxg4 28. Qxe5+ Qf6 29. Qxf6+ Kxf6 30. Bd4+ Kg5 31. Bxh8 Bxd1 32. Be5 Bg4 33.
Bxd6 Rg8 34. Be7+ Kf4 35. d6 Ke5 36. Be2 Ke6 1-0

[Event "Lasker Memorial A"]
[Site "?"]
[Date "2006.06.11"]
[Round "9.1"]
[White "Shiskin Vadim"]
[Black "Malaniuk Vladimir"]
[Result "1-0"]
[WhiteElo "2541"]
[BlackElo "2539"]
[PlyCount "93"]
[EventDate "2006.??.??"]

1. d4 f5 2. Bg5 g6 3. Nc3 d5 4. Nf3 Bg7 5. Qd2 c6 6. h4 Be6 7. Qe3 Bf7 8. h5
Nd7 9. h6 Bf8 10. O-O-O Ngf6 11. Ne5 e6 12. Nxd7 Kxd7 13. f3 Be7 14. Qd2 b5 15.
e3 a5 16. Bd3 a4 17. Ne2 b4 18. c4 bxc3 19. Nxc3 Qb6 20. Kb1 Rhb8 21. Ka1 Ke8
22. Qc2 c5 23. dxc5 Qxc5 24. Rc1 Nd7 25. Bxe7 Kxe7 26. e4 dxe4 27. fxe4 Kf8 28.
Rhd1 a3 29. b3 Ne5 30. Ne2 Qxc2 31. Bxc2 Ng4 32. Nd4 Nxh6 33. Bd3 Ng4 34. Rd2
Rd8 35. Nf3 Ra7 36. Bb5 Rxd2 37. Nxd2 Ke7 38. Re1 Kf6 39. Nc4 g5 40. e5+ Kg7
41. Bc6 h5 42. b4 Kf8 43. b5 Be8 44. b6 Bxc6 45. bxa7 Bxg2 46. Rb1 Kg7 47. Nd6
1-0

[Event "Lasker Memorial A"]
[Site "?"]
[Date "2006.06.11"]
[Round "9.2"]
[White "Grabarczyk Miroslaw"]
[Black "Zezulkin Jurij"]
[Result "1/2-1/2"]
[WhiteElo "2469"]
[BlackElo "2479"]
[PlyCount "21"]
[EventDate "2006.??.??"]

1. d4 Nf6 2. c4 g6 3. g3 Bg7 4. Bg2 d5 5. cxd5 Nxd5 6. Nf3 O-O 7. O-O Nb6 8.
Nc3 Nc6 9. e3 Re8 10. Qe2 e5 11. dxe5 1/2-1/2

[Event "Lasker Memorial A"]
[Site "?"]
[Date "2006.06.11"]
[Round "9.3"]
[White "Tomczak Jacek"]
[Black "Koziak Vitali"]
[Result "0-1"]
[WhiteElo "2369"]
[BlackElo "2462"]
[PlyCount "114"]
[EventDate "2006.??.??"]

1. e4 c5 2. Nf3 Nc6 3. d4 cxd4 4. Nxd4 Nf6 5. Nc3 e6 6. Nxc6 bxc6 7. e5 Nd5 8.
Ne4 Qc7 9. f4 Qa5+ 10. c3 Be7 11. Bd3 Qb6 12. Qe2 Bb7 13. a3 f5 14. exf6 gxf6
15. f5 O-O-O 16. Rf1 e5 17. g3 c5 18. b4 cxb4 19. axb4 Nxb4 20. cxb4 Bxb4+ 21.
Bd2 d5 22. Nc3 e4 23. Na4 Qd4 24. Rc1+ Kb8 25. Bb5 e3 26. Bc3 Rc8 27. Qd3 Qxd3
28. Bxd3 Rxc3 29. Nxc3 d4 30. Ke2 Bxc3 31. Rf4 a5 32. Rxc3 dxc3 33. Kxe3 Re8+
34. Kd4 Rc8 35. Bc2 Ba6 36. Rf3 Rc4+ 37. Kd5 Ka7 38. Re3 Rc7 39. Kd4 Kb6 40.
Rxc3 Rxc3 41. Kxc3 Kc5 42. g4 h6 43. h4 Be2 44. g5 hxg5 45. hxg5 fxg5 46. f6
Kd6 47. Bf5 Bh5 48. Kb3 Ke5 49. Bh3 Be8 50. Bg4 Kxf6 51. Ka3 Ke5 52. Kb3 Kf4
53. Bh3 Bg6 54. Ka4 Bf5 55. Bg2 g4 56. Kxa5 Be4 57. Bf1 Ke3 0-1

[Event "Lasker Memorial A"]
[Site "?"]
[Date "2006.06.11"]
[Round "9.4"]
[White "Aliavdin Nikolai"]
[Black "Urban Klaudiusz"]
[Result "1/2-1/2"]
[WhiteElo "2355"]
[BlackElo "2457"]
[PlyCount "137"]
[EventDate "2006.??.??"]

1. e4 c6 2. d4 d5 3. Nc3 dxe4 4. Nxe4 Bf5 5. Ng3 Bg6 6. h4 h6 7. h5 Bh7 8. Nf3
e6 9. Bd3 Bxd3 10. Qxd3 Nf6 11. Bf4 Qa5+ 12. Bd2 Bb4 13. c3 Be7 14. Ne5 Nbd7
15. Nxd7 Nxd7 16. c4 Qc7 17. Ne4 Nf6 18. Bc3 O-O-O 19. Nxf6 Bxf6 20. O-O-O Rd7
21. Qe4 Rhd8 22. Rh3 Qb6 23. c5 Qa6 24. a3 Qc4 25. Rhd3 Rd5 26. g4 Rxc5 27. b3
Qd5 28. Qxd5 Rcxd5 29. Kc2 Kc7 30. b4 R8d7 31. f4 Rd8 32. Bb2 a5 33. Bc3 axb4
34. axb4 Kb6 35. Kb3 Kb5 36. Ra1 b6 37. Ra7 R8d7 38. Rxd7 Rxd7 39. Rd2 Rd5 40.
Ra2 Bxd4 41. Ra7 Bxc3 42. Kxc3 g6 43. hxg6 fxg6 44. Re7 h5 45. Rxe6 g5 46. gxh5
gxf4 47. h6 Rh5 48. Kd4 Rh3 49. Rf6 f3 50. Ke3 Kxb4 51. Rxc6 b5 52. Rf6 Kc4 53.
Rxf3 Rxh6 54. Kd2 Ra6 55. Kc2 Ra2+ 56. Kb1 Rd2 57. Kc1 Re2 58. Kb1 Kb4 59. Rf4+
Ka3 60. Rf3+ Ka4 61. Rf4+ b4 62. Rf3 Re4 63. Rg3 Kb5 64. Kb2 Kc4 65. Rg2 Re3
66. Rg4+ Kb5 67. Rg8 Re2+ 68. Kb3 Re3+ 69. Kb2 1/2-1/2

[Event "Lasker Memorial A"]
[Site "?"]
[Date "2006.06.11"]
[Round "9.5"]
[White "Bulski Krzysztof"]
[Black "Gumula Daniel"]
[Result "1/2-1/2"]
[WhiteElo "2389"]
[BlackElo "2341"]
[PlyCount "80"]
[EventDate "2006.??.??"]

1. e4 e5 2. Nf3 Nc6 3. Bb5 a6 4. Ba4 Nf6 5. O-O Be7 6. Re1 b5 7. Bb3 d6 8. c3
O-O 9. h3 Na5 10. Bc2 c5 11. d4 Qc7 12. Nbd2 Bb7 13. d5 Bc8 14. Nf1 Re8 15. a4
Bd7 16. Ne3 c4 17. g4 g6 18. Nf1 Bf8 19. Ra3 Nb7 20. Bg5 Bg7 21. Qe2 Nc5 22.
N1d2 Reb8 23. axb5 axb5 24. Rea1 Rxa3 25. Rxa3 h6 26. Be3 b4 27. cxb4 Rxb4 28.
Ra2 Bb5 29. Qd1 Nd3 30. Qa1 Bd7 31. Ra7 Qd8 32. Ra8 Rb8 33. Rxb8 Qxb8 34. Nxc4
Nf4 35. Bxf4 exf4 36. Bd3 Bb5 37. Nfd2 Nd7 38. Qa3 Bd4 39. Bf1 Bc5 40. Qf3 g5
1/2-1/2

[Event "Lasker Memorial A"]
[Site "?"]
[Date "2006.06.11"]
[Round "9.7"]
[White "Czerwonski Aleksander"]
[Black "Szymczak Zbigniew"]
[Result "1-0"]
[WhiteElo "2358"]
[BlackElo "2276"]
[PlyCount "55"]
[EventDate "2006.??.??"]

1. d4 d5 2. c4 dxc4 3. Nf3 Nf6 4. e3 e6 5. Bxc4 a6 6. a4 c5 7. O-O Nc6 8. Qe2
Be7 9. dxc5 Bxc5 10. e4 Qc7 11. Nc3 Ng4 12. g3 Nge5 13. Nxe5 Nxe5 14. Ba2 Nc6
15. Bf4 e5 16. Nd5 Qd6 17. Be3 Nd4 18. Qh5 O-O 19. Rac1 Be6 20. Kg2 Rac8 21. f4
Bxd5 22. Bxd5 exf4 23. Bxf4 Qb6 24. Be3 g6 25. Qe5 Nf5 26. Rxf5 gxf5 27. Rxc5
Rce8 28. Bxf7+ 1-0

[Event "Lasker Memorial A"]
[Site "?"]
[Date "2006.06.11"]
[Round "9.8"]
[White "Khamitskiy Sergei (2201)"]
[Black "Liwak Przemyslaw (2340)"]
[Result "1/2-1/2"]
[WhiteElo "2201"]
[BlackElo "2340"]
[PlyCount "65"]
[EventDate "2006.??.??"]

1. d4 Nf6 2. c4 e6 3. g3 Bb4+ 4. Nd2 O-O 5. Bg2 d6 6. Ngf3 Re8 7. O-O Bxd2 8.
Qxd2 Nbd7 9. b3 e5 10. dxe5 dxe5 11. Bb2 Qe7 12. Qc2 e4 13. Nd4 Nc5 14. b4 Na6
15. b5 Nc5 16. Nb3 Bf5 17. Ba3 Nfd7 18. Rfd1 b6 19. Nxc5 Nxc5 20. Bxc5 bxc5 21.
Qc1 Red8 22. Qa3 Rd6 23. Rxd6 Qxd6 24. Qa4 Qd2 25. Bf1 e3 26. Rd1 exf2+ 27.
Kxf2 Qh6 28. Qxa7 Re8 29. Qxc7 Qe3+ 30. Ke1 Qc3+ 31. Kf2 Qe3+ 32. Ke1 Qc3+ 33.
Kf2 1/2-1/2

[Event "Lasker Memorial A"]
[Site "?"]
[Date "2006.06.11"]
[Round "9.9"]
[White "Korneevets Alexander"]
[Black "Kalinitschew Sergey"]
[Result "0-1"]
[WhiteElo "2293"]
[BlackElo "2516"]
[PlyCount "38"]
[EventDate "2006.??.??"]

1. e4 c5 2. d4 cxd4 3. c3 dxc3 4. Nxc3 Nc6 5. Nf3 d6 6. Bc4 e6 7. O-O a6 8. Qe2
Na5 9. Bd3 Nf6 10. Rd1 Bd7 11. Bg5 Be7 12. Rac1 Nc6 13. Bb1 Qb8 14. Nd5 exd5
15. exd5 Ne5 16. Nxe5 dxe5 17. d6 Bxd6 18. Qd3 Ke7 19. Rc5 Ke8 0-1